[Event "Hajduszoboszlo op 2nd"]
[Site "Hajduszoboszlo"]
[Date "2024.02.09"]
[Round "2"]
[White "Ghinda, Nina"]
[Black "Szoboszlai, Laszlo"]
[Result "0-1"]
[WhiteElo "1261"]
[BlackElo "1481"]
[PlyCount "98"]
[EventDate "2024.02.08"]
[EventType "swiss"]
[EventRounds "7"]
[EventCountry "HUN"]
[SourceTitle "CB08_2024"]
[SourceDate "2024.02.21"]
[SourceVersion "1"]
[SourceVersionDate "2024.02.21"]
[SourceQuality "1"]

1. d4 d5 2. c4 dxc4 3. Nc3 c6 4. e4 e6 5. Bxc4 Nf6 6. Bg5 Be7 7. e5 Nd5 8. Bxe7 Qxe7 9. Nxd5 cxd5 10. Bb5+ Bd7 11. Qb3 Nc6 12. Nf3 a6 13. Qa4 0-0 14. Bxc6 Bxc6 15. Qc2 Qb4+ 16. Qd2 Qxd2+ 17. Nxd2 Rfc8 18. 0-0 Rc7 19. a4 Rac8 20. Nb3 b6 21. Rfc1 Bd7 22. Rxc7 Rxc7 23. Rc1 Rxc1+ 24. Nxc1 Bxa4 25. b3 Bb5 26. Na2 a5 27. Nc3 Bd3 28. Na4 b5 29. Nc5 Bc2 30. Kf1 a4 31. bxa4 bxa4 32. Nxa4 Bxa4 33. Ke1 f6 34. f4 Kf7 35. Kf2 Kg6 36. g4 h5 37. h3 Bd1 38. Kg3 hxg4 39. hxg4 fxe5 40. fxe5 Kg5 41. Kf2 Kxg4 42. Ke3 g5 43. Kd2 Bf3 44. Ke3 Kg3 45. Kd2 Kf4 46. Ke1 Ke3 47. Kf1 Kxd4 48. Kf2 g4 49. Kg3 Kxe5 0-1